02406nab a2200289uuc4500001000800000005001700008008004100025035001200066040001300078041000800091100004900099245011400148520127500262650004101537650003701578650002501615700004601640700003901686700005201725700005901777700004201836700004701878700004301925773011901968942001002087999001902097134447220240202113337.0130925e20130805 por  a1344472 ccomduadb apor10aSantos, Iná da Silva dos4auteaut969878810aSensibilidade e especificidade do Patient Health Questionnaire-9 (PHQ-9) entre adultos da população geral3 aCon el objetivo de evaluar la validez del Cuestionario de Salud del Paciente-9 (PHQ-9) en la detección de un episodio depresivo mayor en la población general, se llevó a cabo un estudio de base poblacional en la ciudad de Pelotas, Rio Grande do Sul, Brasil. Los hogares se seleccionaron al azar a través de muestreo multietápico, siendo solo invitados a participar los adultos (> 20 años). El padrón de primer orden fue la Mini Entrevista Neuropsiquiátrica Internacional (MINI), aplicada por psiquiatras y psicólogos. Ambos instrumentos fueron aplicados en la casa del participante. De un total de 447 participantes (191 hombres y 256 mujeres), el análisis continuo mostró un punto de corte > 9 como el de máxima sensibilidad (77,5%; 61,5-89,2) y especificidad (86,7%; 83,0-89,9) para la identificación de un episodio depresivo mayor. Al utilizar el algoritmo del test, la sensibilidad disminuyó a un 42,5% (27,0-59,1), mientras que la especificidad aumento a un 95,3% (92,8-97,2). El PHQ-9 mostró ser adecuado para el cribado de un episodio depresivo mayor. Debido a la sensibilidad más alta, el PHQ-9 marcado como una variable continua fue más adecuado que el algoritmo para la detección de episodio depresivo mayor en la comunidad. aSensibilidad y especificidad9144899 aVálidez de las pruebas9201029 aCuestionarios92264810aTavares, Beatriz Franck4auteaut964996910aMunhoz, Tiago N.4auteaut964997010aAlmeida, Laura Sigaran Pio de4auteaut966364610aSilva, Nathália Tessele Barreto da4auteaut966364710aTams, Bernardo Dias4auteaut964997110aPatella, André Machado4auteaut964997210aMatijasevich, Alicia4auteaut96669180 tCadernos de Saúde Pública (Rio de Janeiro)gVol. 29, No. 08, Ago. 2013, p. 1533-1543w321065z0102311X0104727 cARIMP c665112d665112